000 00378cam a22001217a 4500
008 180718b1998 xxu||||| |||| 00| 0 eng d
082 _aC41x54 P774
245 _aHuman rights: problems and perspectives
_cedited by Rani Ponnaian
260 _aPondicherry
_bThe Pondicherry Co-op. Book Society
_c1998
300 _a256p
650 _aHuman rights --India
700 _aPonnaian, Rani
999 _c486079
_d486079